| 000 | 01178pam a2200361 a 4500 | ||
|---|---|---|---|
| 001 | 4504924 | ||
| 003 | Ost | ||
| 005 | 20140310184513.0 | ||
| 008 | 980120s1998 nyua j b 000 0deng | ||
| 010 | _a 98005213 | ||
| 020 | _a9780590424608 | ||
| 020 | _a0590424602 | ||
| 040 |
_aDLC _cDLC _dDLC |
||
| 042 | _alcac | ||
| 043 | _an-us--- | ||
| 050 | 0 | 0 |
_aE 444 _b.L47 1968 |
| 100 | 1 |
_aLester, Julius. _912247 |
|
| 245 | 1 | 0 |
_aTo be a slave / _cJulius Lester ; illustrated by Tom Feelings. |
| 260 |
_aNew York : _bScholastic Inc., _c1968. |
||
| 300 |
_a160 p. : _bill. ; _c17 cm. |
||
| 521 | _aG12 | ||
| 526 | _c1080 | ||
| 650 | 0 |
_aSlaves _zUnited States _xQuotations. _929304 |
|
| 650 | 0 |
_aSlaves _zUnited States _xSocial conditions. _929305 |
|
| 650 | 0 |
_aSlaves _zUnited States _xBiography. _929306 |
|
| 650 | 1 |
_aSlaves. _912251 |
|
| 650 | 1 |
_aSlave trade. _912252 |
|
| 906 |
_a7 _bcbc _corignew _d1 _eocip _f19 _gy-gencatlg |
||
| 942 |
_2lcc _cBK-SCHOLAS |
||
| 999 |
_c34919 _d34919 |
||